000 004800000a22001450004500
090 _aAR
_b01577
245 1 0 _aEffects of changes in habitat structure during succession in terrestrial communities
650 1 4 _aRiqueza de especies
_93326
650 1 4 _aEstructura del Hábitat
_994955
650 1 4 _aSucesiones ecológicas
_994956
041 0 _aInglés
100 1 _aBrown, Vinson
_98247
942 _cARTICULO
773 1 _tPhysical Arrangement of Objects in Space
_3553
_q140-168
_d1985?
999 _c10658
_d10658